| 000 | 00718nam a22001937a 4500 | ||
|---|---|---|---|
| 999 |
_c171013 _d171013 |
||
| 005 | 20200102131553.0 | ||
| 010 | _aB-51914 | ||
| 020 |
_c23.00 _a- |
||
| 035 | _aB-51914 | ||
| 037 | _bBPPD | ||
| 082 | _aک | ||
| 100 | _aبھٹا چا ر يہ ا يس سی ا ے کے چکر بر تی | ||
| 245 |
_aمينلوپا ر ک کا جا د و گر _cبھٹا چا ر يہ ا يس سی ا ے کے چکر بر تی |
||
| 246 |
_aMeenlu Park Ka Jadoogar (Urdu) _bbyS.C.Bhatacharya A.K.Chakerberti |
||
| 260 |
_a N. Delhi _c2001ء _bChildern Book Trust |
||
| 270 |
_bN.Delhi _k- _e- |
||
| 300 |
_a104ص _c22 cm(hb) |
||
| 942 |
_2ddc _cUR _hک _mب ھ ٹ |
||